=LDR 00000nam 2200000 4500 =001 INLIS000000000038162 =005 20130612143839 =008 ***********************************ind** =035 ##$$a0010-061300000038162 =041 ##$$a ind =082 ##$$a 371.1 =100 ##$$a yonny, acep =245 ##$$a begini cara menjadi guru inspiratif =260 ##$$a pustaka widyatama $b yogyakarta =300 ##$$a 160 hlm =850 ##$$a NBPNMAT =990 ##$$a 0577/PN/2014